[Event "Singapore Masters 3rd"]
[Site "Singapore"]
[Date "2006.12.30"]
[Round "9"]
[White "So, Wesley"]
[Black "Bui, Vinh"]
[Result "1/2-1/2"]
[WhiteElo "2411"]
[BlackElo "2485"]
[PlyCount "76"]
[EventDate "2006.12.26"]
[EventType "swiss"]
[EventRounds "9"]
[EventCountry "SIN"]
[SourceTitle "CBM 116 Extra"]
[Source "ChessBase"]
[SourceDate "2007.03.07"]
[SourceVersion "1"]
[SourceVersionDate "2007.03.07"]
[SourceQuality "1"]

1. e4 c5 2. Nf3 Nc6 3. d4 cxd4 4. Nxd4 Nf6 5. Nc3 Qb6 6. Nb3 e6 7. Bd3 a6 8.
O-O Be7 9. Be3 Qc7 10. f4 d6 11. Qf3 O-O 12. g4 Nd7 13. g5 Re8 14. Qh5 g6 15.
Qh4 b5 16. Rf3 b4 17. Rh3 Nf8 18. Nd1 Qd8 19. Nf2 f5 20. exf5 exf5 21. Qh6 Qd7
22. Rd1 d5 23. Bf1 Bb7 24. Nd3 Rad8 25. Ndc5 Bxc5 26. Nxc5 Qf7 27. Nxb7 Qxb7
28. Bg2 Qb5 29. Bf2 Qc4 30. Rhd3 Ne6 31. Bxd5 Rxd5 32. Rxd5 Nxf4 33. Rd7 Ne2+
34. Kf1 Nf4+ 35. Kg1 Ne2+ 36. Kf1 Ng3+ 37. Kg1 Ne2+ 38. Kf1 Ng3+ 1/2-1/2

[Event "Phu Quoc zt 3.3"]
[Site "Phu Quoc"]
[Date "2007.01.11"]
[Round "1"]
[White "Bao, Khoa"]
[Black "So, Wesley"]
[Result "0-1"]
[WhiteElo "2142"]
[BlackElo "2451"]
[PlyCount "96"]
[EventDate "2007.01.11"]
[EventType "swiss"]
[EventRounds "9"]
[EventCountry "VIE"]
[SourceTitle "CBM 116 Extra"]
[Source "ChessBase"]
[SourceDate "2007.03.07"]
[SourceVersion "1"]
[SourceVersionDate "2007.03.07"]
[SourceQuality "1"]

1. e4 c5 2. Nf3 Nc6 3. d4 cxd4 4. Nxd4 Nf6 5. Nc3 e5 6. Ndb5 d6 7. Bg5 a6 8.
Na3 b5 9. Nd5 Be7 10. Bxf6 Bxf6 11. c3 O-O 12. Nc2 Rb8 13. Be2 Bg5 14. Bg4 Be6
15. Nce3 g6 16. h4 Bxh4 17. Qf3 Kg7 18. Qh3 Bxg4 19. Nxg4 h5 20. Qxh4 Qxh4 21.
Rxh4 hxg4 22. Rxg4 b4 23. Nxb4 Nxb4 24. cxb4 Rxb4 25. O-O-O Rc8+ 26. Kb1 f5 27.
Rh4 Rc6 28. f3 g5 29. Rh3 fxe4 30. a3 Rd4 31. Rdh1 exf3 32. Rh7+ Kg6 33. R1h6+
Kf5 34. Rf7+ Ke4 35. gxf3+ Kd5 36. Rg6 Rf4 37. Rb7 Rxf3 38. Rxg5 a5 39. Rg6 a4
40. Rb5+ Rc5 41. Rb6 Rc6 42. Rb5+ Ke4 43. Rg2 Kf5 44. Rd5 Rf1+ 45. Ka2 Rcc1 46.
b4 Ra1+ 47. Kb2 Rfb1+ 48. Kc3 Rxa3+ 0-1

[Event "Phu Quoc zt 3.3"]
[Site "Phu Quoc"]
[Date "2007.01.11"]
[Round "4"]
[White "Wynn, Zaw Htung"]
[Black "So, Wesley"]
[Result "0-1"]
[WhiteElo "2566"]
[BlackElo "2451"]
[PlyCount "62"]
[EventDate "2007.01.11"]
[EventType "swiss"]
[EventRounds "9"]
[EventCountry "VIE"]
[SourceTitle "CBM 116 Extra"]
[Source "ChessBase"]
[SourceDate "2007.03.07"]
[SourceVersion "1"]
[SourceVersionDate "2007.03.07"]
[SourceQuality "1"]
[WhiteTeam "Vietnam"]
[BlackTeam "Philippinen"]
[WhiteTeamCountry "VIE"]
[BlackTeamCountry "PHI"]

1. c4 c5 2. g3 Nc6 3. Bg2 g6 4. Nc3 Bg7 5. Nf3 Nf6 6. O-O O-O 7. d4 cxd4 8.
Nxd4 Nxd4 9. Qxd4 d6 10. Qd3 a6 11. h3 Bf5 12. e4 Be6 13. Nd5 Nxd5 14. exd5 Bd7
15. Re1 Re8 16. Bg5 Bxb2 17. Rab1 Be5 18. Rxb7 Qc8 19. Rb6 Bxh3 20. Bxh3 Qxh3
21. c5 Qg4 22. Be3 h5 23. Qe2 Qe4 24. Qd2 Qf5 25. c6 h4 26. Kg2 hxg3 27. fxg3
Qe4+ 28. Kf2 e6 29. Rb4 Qxd5 30. Qxd5 exd5 31. g4 Bc3 0-1

[Event "Phu Quoc zt 3.3"]
[Site "Phu Quoc"]
[Date "2007.01.11"]
[Round "5"]
[White "Nguyen, Ngoc Truong Son"]
[Black "So, Wesley"]
[Result "1/2-1/2"]
[WhiteElo "2528"]
[BlackElo "2451"]
[PlyCount "71"]
[EventDate "2007.01.11"]
[EventType "swiss"]
[EventRounds "9"]
[EventCountry "VIE"]
[SourceTitle "CBM 116 Extra"]
[Source "ChessBase"]
[SourceDate "2007.03.07"]
[SourceVersion "1"]
[SourceVersionDate "2007.03.07"]
[SourceQuality "1"]

1. d4 e6 2. e4 d5 3. Nd2 dxe4 4. Nxe4 Bd7 5. Nf3 Bc6 6. Bd3 Nd7 7. Qe2 Bxe4 8.
Bxe4 c6 9. c3 Ngf6 10. Bg5 g6 11. h4 h6 12. Bxf6 Nxf6 13. O-O-O Nxe4 14. Qxe4
Qd5 15. Qe5 Qxe5 16. Nxe5 h5 17. Kc2 Bg7 18. Rhe1 Bf6 19. g3 Ke7 20. a4 a5 21.
Nd3 Rhd8 22. Rb1 b5 23. Ra1 b4 24. Rad1 Kf8 25. Nc5 Rd5 26. Nb3 bxc3 27. bxc3
Be7 28. Re5 Bd6 29. Rxd5 exd5 30. Re1 Be7 31. Rb1 Bd6 32. Re1 Be7 33. Rb1 Bd6
34. Re1 Be7 35. Rb1 Bd6 36. Re1 1/2-1/2

[Event "Phu Quoc zt 3.3"]
[Site "Phu Quoc"]
[Date "2007.01.11"]
[Round "7"]
[White "Mariano, Nelson"]
[Black "So, Wesley"]
[Result "1-0"]
[WhiteElo "2422"]
[BlackElo "2451"]
[PlyCount "87"]
[EventDate "2007.01.11"]
[EventType "swiss"]
[EventRounds "9"]
[EventCountry "VIE"]
[SourceTitle "CBM 116 Extra"]
[Source "ChessBase"]
[SourceDate "2007.03.07"]
[SourceVersion "1"]
[SourceVersionDate "2007.03.07"]
[SourceQuality "1"]

1. e4 c5 2. Nf3 Nc6 3. d4 cxd4 4. Nxd4 Nf6 5. Nc3 e5 6. Ndb5 d6 7. Bg5 a6 8.
Na3 b5 9. Nd5 Be7 10. Bxf6 Bxf6 11. c3 O-O 12. Nc2 Rb8 13. Be2 Bg5 14. O-O Be6
15. Qd3 a5 16. Rfd1 Qd7 17. Qg3 h6 18. h3 b4 19. Nce3 bxc3 20. bxc3 Bxd5 21.
Nxd5 Rb2 22. Bc4 a4 23. h4 Bd8 24. Rab1 Qb7 25. Nb4 Rxb1 26. Rxb1 Ne7 27. Qd3
Qd7 28. g3 Bb6 29. Nd5 Bc5 30. Kg2 a3 31. Qf3 Nxd5 32. Bxd5 Qe7 33. Rb7 Qf6 34.
h5 Qd8 35. Rxf7 Rxf7 36. Qxf7+ Kh8 37. Be6 Bb6 38. Bf5 Bc7 39. g4 Bb6 40. Kf3
Bc5 41. g5 hxg5 42. Kg4 Qg8 43. Qg6 Bxf2 44. h6 1-0

[Event "Phu Quoc zt 3.3"]
[Site "Phu Quoc"]
[Date "2007.01.11"]
[Round "9"]
[White "So, Wesley"]
[Black "Tu, Hoang Thong"]
[Result "1/2-1/2"]
[WhiteElo "2451"]
[BlackElo "2469"]
[PlyCount "60"]
[EventDate "2007.01.11"]
[EventType "swiss"]
[EventRounds "9"]
[EventCountry "VIE"]
[SourceTitle "CBM 116 Extra"]
[Source "ChessBase"]
[SourceDate "2007.03.07"]
[SourceVersion "1"]
[SourceVersionDate "2007.03.07"]
[SourceQuality "1"]

1. e4 e5 2. Nf3 Nc6 3. Nc3 Nf6 4. d4 exd4 5. Nxd4 Bb4 6. Nxc6 bxc6 7. Bd3 d5 8.
exd5 cxd5 9. O-O O-O 10. Bg5 c6 11. Qf3 Bd6 12. Na4 h6 13. Bxf6 Qxf6 14. Qxf6
gxf6 15. c4 Be6 16. Rac1 Rab8 17. b3 Rb4 18. cxd5 cxd5 19. Nc5 Rc8 20. Nxe6
Rxc1 21. Rxc1 fxe6 22. Rc6 Rb6 23. Rxb6 axb6 24. g3 Kf7 25. Kf1 Bc5 26. Ke2 Ke7
27. f3 Kd6 28. Bg6 Ke7 29. Bd3 Kd6 30. Bg6 Ke7 1/2-1/2

[Event "Asia Cities-ch 15th"]
[Site "Teheran"]
[Date "2007.03.05"]
[Round "6.2"]
[White "Alzaim, Talal"]
[Black "So, Wesley"]
[Result "0-1"]
[WhiteElo "2451"]
[BlackElo "2261"]
[PlyCount "98"]
[EventDate "2007.03.02"]
[EventType "team-swiss"]
[EventRounds "9"]
[EventCountry "IRI"]
[SourceTitle "EXT 2020"]
[Source "ChessBase"]
[SourceDate "2019.10.17"]
[SourceVersion "1"]
[SourceVersionDate "2019.10.17"]
[SourceQuality "1"]
[WhiteTeam "Damascus"]
[BlackTeam "Tagaytay"]
[WhiteTeamCountry "SYR"]
[BlackTeamCountry "PHI"]

1. d4 Nf6 2. c4 e6 3. Nc3 Bb4 4. e3 c5 5. Nge2 cxd4 6. exd4 d5 7. a3 Be7 8.
cxd5 Nxd5 9. Nxd5 exd5 10. Nc3 O-O 11. Be2 Nc6 12. Bf3 Be6 13. Be3 Na5 14. O-O
Rc8 15. Rc1 Nc4 16. Qb3 Bg5 17. Nxd5 Bxd5 18. Bxd5 Bxe3 19. Bxc4 Bxc1 20. Rxc1
Qxd4 21. Bxf7+ Kh8 22. Rxc8 Rxc8 23. g3 Rf8 24. Qe6 Qxb2 25. Qe7 Qc1+ 26. Kg2
Qc6+ 27. Kg1 Rc8 28. Bh5 Qc7 29. Qb4 a5 30. Qh4 Qd6 31. Bf3 Qf6 32. Qe4 Rf8 33.
Kg2 b5 34. Qe3 Qd6 35. h4 b4 36. axb4 Qxb4 37. h5 h6 38. Qd3 Qc5 39. Qe2 a4 40.
Be4 a3 41. Bb1 Qd5+ 42. Kg1 Rd8 43. Qe7 Qd6 44. Qh4 Qd1+ 45. Kg2 Qd5+ 46. Kh2
Qd4 47. Qe7 Qxf2+ 48. Kh3 Qf1+ 49. Kg4 Rd4+ 0-1

[Event "Asia Cities-ch 15th"]
[Site "Teheran"]
[Date "2007.03.06"]
[Round "7.3"]
[White "So, Wesley"]
[Black "Muralidharan, MB."]
[Result "0-1"]
[WhiteElo "2451"]
[BlackElo "2265"]
[PlyCount "132"]
[EventDate "2007.03.02"]
[EventType "team-swiss"]
[EventRounds "9"]
[EventCountry "IRI"]
[SourceTitle "EXT 2020"]
[Source "ChessBase"]
[SourceDate "2019.10.17"]
[SourceVersion "1"]
[SourceVersionDate "2019.10.17"]
[SourceQuality "1"]
[WhiteTeam "Tagaytay"]
[BlackTeam "Kozhikode"]
[WhiteTeamCountry "PHI"]
[BlackTeamCountry "IND"]

1. e4 c5 2. Nf3 Nc6 3. d4 cxd4 4. Nxd4 Nf6 5. Nc3 e5 6. Ndb5 d6 7. Bg5 a6 8.
Na3 b5 9. Bxf6 gxf6 10. Nd5 f5 11. Bd3 Be6 12. O-O Bg7 13. Qh5 f4 14. c4 bxc4
15. Bxc4 O-O 16. Rac1 Rb8 17. b3 Qd7 18. Rfd1 Kh8 19. Qh4 f5 20. Nxf4 exf4 21.
Bxe6 Qxe6 22. Rxc6 fxe4 23. Rcxd6 Qe8 24. Nc4 e3 25. fxe3 fxe3 26. Re1 e2 27.
Qg4 Rf1+ 28. Rxf1 e1=Q 29. Rd1 Q1e2 30. Qg3 Be5 31. Nxe5 Q8xe5 32. Qxe5+ Qxe5
33. Rf2 Qc5 34. g3 Rf8 35. Rdf1 Kg7 36. Kg2 Qd5+ 37. Kg1 Re8 38. Rf5 Qd4+ 39.
Kg2 Re2+ 40. R5f2 Qe4+ 41. Kg1 Qd4 42. Kg2 Qd5+ 43. Kg1 Re5 44. Rf4 h5 45. R1f2
a5 46. Rf1 Kg6 47. Rf6+ Kg7 48. R6f4 Qc5+ 49. Kg2 Qc6+ 50. Kg1 Kg6 51. R1f2
Re1+ 52. Rf1 Rxf1+ 53. Rxf1 Kg5 54. Rf4 Qc1+ 55. Kg2 Qd2+ 56. Rf2 Qd5+ 57. Kh3
Qe6+ 58. Kg2 Qe4+ 59. Kh3 h4 60. gxh4+ Qxh4+ 61. Kg2 Qe4+ 62. Rf3 Kg4 63. h3+
Kh4 64. a4 Qc2+ 65. Rf2 Qg6+ 66. Kf1 Qd3+ 0-1

[Event "World ol U16 12th"]
[Site "Singapore"]
[Date "2007.08.06"]
[Round "2"]
[White "So, Wesley"]
[Black "Khandelwal, Ankush"]
[Result "1-0"]
[WhiteElo "2516"]
[BlackElo "2119"]
[PlyCount "91"]
[EventDate "2007.08.05"]
[EventType "team"]
[EventRounds "10"]
[EventCountry "SIN"]
[SourceTitle "EXT 2008"]
[Source "ChessBase"]
[SourceDate "2007.11.25"]
[SourceVersion "1"]
[SourceVersionDate "2007.11.25"]
[SourceQuality "1"]

1. e4 e5 2. Bc4 Nf6 3. d3 Nc6 4. Nc3 Be7 5. f4 d6 6. Nf3 Bg4 7. O-O Qd7 8. h3
Bh5 9. Bb5 Bxf3 10. Qxf3 a6 11. Bxc6 Qxc6 12. fxe5 dxe5 13. Nd5 h6 14. Qf5 Rd8
15. Be3 Qd6 16. d4 exd4 17. Bxd4 O-O 18. Nxe7+ Qxe7 19. Bc5 Qxe4 20. Qxe4 Nxe4
21. Bxf8 Kxf8 22. Rad1 Nd2 23. Rfe1 Rd6 24. b3 f5 25. c4 b6 26. Kh1 Kf7 27. Re2
Ne4 28. Rxd6 cxd6 29. Re3 Nc5 30. Kg1 b5 31. b4 Na4 32. cxb5 axb5 33. Kf2 Kf6
34. Re8 f4 35. Kf3 Nc3 36. a3 g5 37. Rc8 Na4 38. Rh8 Kg7 39. Rd8 Nb6 40. Rxd6
Nc4 41. Ra6 Nd2+ 42. Kg4 Nc4 43. a4 bxa4 44. b5 a3 45. b6 Nd6 46. b7 1-0

[Event "World ol U16 12th"]
[Site "Singapore"]
[Date "2007.08.07"]
[Round "4"]
[White "So, Wesley"]
[Black "Fodor, Tamas Jr"]
[Result "1-0"]
[WhiteElo "2516"]
[BlackElo "2436"]
[PlyCount "61"]
[EventDate "2007.08.05"]
[EventType "team"]
[EventRounds "10"]
[EventCountry "SIN"]
[SourceTitle "EXT 2008"]
[Source "ChessBase"]
[SourceDate "2007.11.25"]
[SourceVersion "1"]
[SourceVersionDate "2007.11.25"]
[SourceQuality "1"]

1. e4 e6 2. d4 d5 3. Nc3 Nf6 4. e5 Nfd7 5. f4 c5 6. Nf3 Nc6 7. Be3 Qa5 8. a3 c4
9. Be2 Nb6 10. O-O Bd7 11. Qd2 Be7 12. b4 cxb3 13. cxb3 Bxa3 14. Ra2 Rc8 15.
Rfa1 Bb4 16. Rc1 Ba3 17. Rca1 Bb4 18. Rxa5 Nxa5 19. Rxa5 Bxa5 20. Qa2 Bxc3 21.
Qxa7 Na8 22. Qxb7 Ke7 23. f5 Rc7 24. Qa6 Bb4 25. f6+ gxf6 26. exf6+ Kxf6 27.
Bf4 Rhc8 28. Bxc7 Nxc7 29. Qd3 Bb5 30. Qe3 Bxe2 31. Qg5# 1-0

[Event "World ol U16 12th"]
[Site "Singapore"]
[Date "2007.08.08"]
[Round "6"]
[White "So, Wesley"]
[Black "Mustafaev, Jamshid"]
[Result "1-0"]
[WhiteElo "2516"]
[BlackElo "2270"]
[PlyCount "99"]
[EventDate "2007.08.05"]
[EventType "team"]
[EventRounds "10"]
[EventCountry "SIN"]
[SourceTitle "EXT 2008"]
[Source "ChessBase"]
[SourceDate "2007.11.25"]
[SourceVersion "1"]
[SourceVersionDate "2007.11.25"]
[SourceQuality "1"]

1. e4 c5 2. Nf3 d6 3. d4 cxd4 4. Nxd4 Nf6 5. Nc3 e6 6. g4 h6 7. h4 Nc6 8. Rg1
h5 9. gxh5 Nxh5 10. Bg5 Nf6 11. Rg3 a6 12. Nxc6 bxc6 13. Qf3 e5 14. Bc4 Be6 15.
Bxe6 fxe6 16. h5 Ra7 17. h6 Rf7 18. O-O-O gxh6 19. Bh4 Be7 20. Qe2 Nh5 21. Qxh5
Bxh4 22. Rg6 Bg5+ 23. Kb1 Ke7 24. Qh3 Qc8 25. Na4 Bf6 26. f4 Rg7 27. Rxh6 Rxh6
28. Qxh6 exf4 29. Qxf4 Qb8 30. Rf1 Be5 31. Qf2 c5 32. b3 Rh7 33. Nb2 Qg8 34.
Nc4 Rh5 35. b4 Bd4 36. Qf4 Be5 37. Qf3 Rg5 38. bxc5 Rg1 39. cxd6+ Bxd6 40. Qf6+
Kd7 41. Nxd6 Qb8+ 42. Kc1 Rxf1+ 43. Qxf1 Kxd6 44. Qf4+ e5 45. Qf6+ Kc5 46. Qxa6
Qb4 47. Qc8+ Kd4 48. Qd7+ Ke3 49. Qd3+ Kf4 50. Qd2+ 1-0

[Event "World ol U16 12th"]
[Site "Singapore"]
[Date "2007.08.08"]
[Round "7"]
[White "So, Wesley"]
[Black "Adhiban, Baskaran"]
[Result "1-0"]
[WhiteElo "2516"]
[BlackElo "2406"]
[PlyCount "71"]
[EventDate "2007.08.05"]
[EventType "team"]
[EventRounds "10"]
[EventCountry "SIN"]
[SourceTitle "EXT 2008"]
[Source "ChessBase"]
[SourceDate "2007.11.25"]
[SourceVersion "1"]
[SourceVersionDate "2007.11.25"]
[SourceQuality "1"]

1. e4 e5 2. Bc4 Nf6 3. d3 Bc5 4. Nc3 Nc6 5. f4 d6 6. Nf3 Bg4 7. Na4 O-O 8. Nxc5
dxc5 9. O-O Nh5 10. Be3 exf4 11. Bxc5 Re8 12. h3 Bxf3 13. Qxf3 g6 14. Bd5 Ne5
15. Qf2 c6 16. Bb3 b6 17. Bd4 Ng3 18. Rfe1 g5 19. Bc3 Qd7 20. Rad1 Rad8 21. a4
c5 22. a5 c4 23. Bxe5 Rxe5 24. Bxc4 Rxa5 25. d4 b5 26. Bb3 Ra6 27. d5 Rh6 28.
e5 Qf5 29. Qf3 Rh4 30. Rd4 a5 31. e6 fxe6 32. dxe6 Re8 33. e7+ Kg7 34. Qc3 Qf6
35. Rd8 Qxc3 36. bxc3 1-0

[Event "World ol U16 12th"]
[Site "Singapore"]
[Date "2007.08.10"]
[Round "8"]
[White "Chan, Wei Xuan Timothy"]
[Black "So, Wesley"]
[Result "0-1"]
[WhiteElo "2245"]
[BlackElo "2516"]
[PlyCount "102"]
[EventDate "2007.08.05"]
[EventType "team"]
[EventRounds "10"]
[EventCountry "SIN"]
[SourceTitle "EXT 2008"]
[Source "ChessBase"]
[SourceDate "2007.11.25"]
[SourceVersion "1"]
[SourceVersionDate "2007.11.25"]
[SourceQuality "1"]

1. e4 c5 2. Nf3 Nc6 3. d4 cxd4 4. Nxd4 Nf6 5. Nc3 e6 6. Ndb5 d6 7. Bf4 e5 8.
Bg5 a6 9. Na3 b5 10. Nd5 Be7 11. Bxf6 Bxf6 12. c3 O-O 13. Nc2 Rb8 14. h4 Be7
15. Nce3 Be6 16. Qf3 Qd7 17. Rd1 Bd8 18. Be2 Ne7 19. g4 Bxd5 20. Nxd5 a5 21. h5
Nxd5 22. Rxd5 b4 23. c4 Qe7 24. b3 Bb6 25. O-O Ra8 26. Kg2 a4 27. Bd1 axb3 28.
Bxb3 Bc5 29. Qg3 g6 30. Rh1 Qg5 31. Rd3 Kg7 32. Rf3 h6 33. Rh4 Bd4 34. Rd3 Rfe8
35. Rh3 Re6 36. Rf3 Rf6 37. Rxf6 Qxf6 38. Qf3 Qg5 39. Rg3 Bc5 40. Qe2 Re8 41.
Ba4 Re6 42. Bc6 Rf6 43. f3 Qc1 44. Bd5 Qg1+ 45. Kh3 Qh1+ 46. Qh2 Qe1 47. hxg6
fxg6 48. g5 hxg5 49. Kg4 Be3 50. Qg2 Rf4+ 51. Kxg5 Rxe4+ 0-1

[Event "World ol U16 12th"]
[Site "Singapore"]
[Date "2007.08.11"]
[Round "9"]
[White "Ly, Moulthun"]
[Black "So, Wesley"]
[Result "1/2-1/2"]
[WhiteElo "2295"]
[BlackElo "2516"]
[PlyCount "96"]
[EventDate "2007.08.05"]
[EventType "team"]
[EventRounds "10"]
[EventCountry "SIN"]
[SourceTitle "EXT 2008"]
[Source "ChessBase"]
[SourceDate "2007.11.25"]
[SourceVersion "1"]
[SourceVersionDate "2007.11.25"]
[SourceQuality "1"]

1. e4 c5 2. Nf3 Nc6 3. d4 cxd4 4. Nxd4 Nf6 5. Nc3 e5 6. Ndb5 d6 7. Bg5 a6 8.
Bxf6 gxf6 9. Na3 b5 10. Nd5 f5 11. g3 fxe4 12. Bg2 Bg7 13. Bxe4 Be6 14. Qh5 Rc8
15. c3 Ne7 16. Rd1 Nxd5 17. Bxd5 Qd7 18. O-O Rc5 19. Bxe6 Qxe6 20. Nc2 O-O 21.
Ne3 f5 22. Qh3 e4 23. a3 Rf6 24. Kh1 Rh6 25. Qg2 f4 26. gxf4 Rg6 27. f5 Rxf5
28. Qh3 Rf3 29. Qxe6+ Rxe6 30. Rd5 Be5 31. Ng4 h5 32. Nxe5 dxe5 33. Rd2 e3 34.
Re2 exf2 35. Rfxf2 Rd3 36. Rf5 Rg6 37. Rfxe5 Rd1+ 38. Re1 Rgd6 39. Rxd1 Rxd1+
40. Kg2 Rd2+ 41. Kh3 Rxb2 42. Rxh5 Rb3 43. Rc5 Rxa3 44. Kg4 Ra4+ 45. Kg5 Kf7
46. Rc6 a5 47. Rb6 Rc4 48. Rxb5 Rxc3 1/2-1/2

[Event "World ol U16 12th"]
[Site "Singapore"]
[Date "2007.08.12"]
[Round "10"]
[White "So, Wesley"]
[Black "Yilmaz, Mustafa"]
[Result "1-0"]
[WhiteElo "2516"]
[BlackElo "2204"]
[PlyCount "77"]
[EventDate "2007.08.05"]
[EventType "team"]
[EventRounds "10"]
[EventCountry "SIN"]
[SourceTitle "EXT 2008"]
[Source "ChessBase"]
[SourceDate "2007.11.25"]
[SourceVersion "1"]
[SourceVersionDate "2007.11.25"]
[SourceQuality "1"]

1. e4 c5 2. Nf3 d6 3. d4 cxd4 4. Nxd4 Nf6 5. Nc3 a6 6. f4 e5 7. Nf3 Nbd7 8. a4
Be7 9. Bd3 O-O 10. O-O exf4 11. Kh1 Nc5 12. Bxf4 Bg4 13. Qe1 Bh5 14. Be3 Ne6
15. Nd4 Ng4 16. Nf5 Nxe3 17. Nxe7+ Qxe7 18. Qxe3 Rac8 19. Nd5 Qd8 20. a5 Bg6
21. b4 Re8 22. Rae1 Ng5 23. Qa7 Rb8 24. Qd4 Re5 25. Nf4 Qe7 26. Nxg6 hxg6 27.
Bc4 Rc8 28. c3 Kh8 29. Bd5 Qc7 30. c4 Re7 31. Qe3 Nh7 32. Rf4 Kg8 33. Ref1 Nf6
34. Rxf6 gxf6 35. Qh6 Re5 36. Qxg6+ Kf8 37. Qxf6 Rxd5 38. exd5 Rd8 39. Qh8+ 1-0

[Event "Asian Indoor Games 2nd"]
[Site "Macau"]
[Date "2007.10.29"]
[Round "4"]
[White "Batchuluun, Tsegmed"]
[Black "So, Wesley"]
[Result "1/2-1/2"]
[WhiteElo "2415"]
[BlackElo "2531"]
[PlyCount "74"]
[EventDate "2007.10.28"]
[EventType "team"]
[EventRounds "6"]
[EventCountry "CHN"]
[SourceTitle "EXT 2008"]
[Source "ChessBase"]
[SourceDate "2007.11.25"]
[SourceVersion "1"]
[SourceVersionDate "2007.11.25"]
[SourceQuality "1"]

1. d4 Nf6 2. c4 e6 3. Nf3 b6 4. g3 Ba6 5. b3 Bb4+ 6. Bd2 Be7 7. Bg2 O-O 8. O-O
c6 9. Bc3 d5 10. Ne5 Nfd7 11. Nxd7 Nxd7 12. Nd2 Rc8 13. e4 c5 14. exd5 exd5 15.
dxc5 dxc4 16. c6 cxb3 17. Re1 Bb5 18. axb3 Bxc6 19. Bxc6 Rxc6 20. Rxa7 Bf6 21.
Ne4 Bxc3 22. Rxd7 Qc8 23. Nxc3 Rxc3 24. Qd5 Qc5 25. Qxc5 bxc5 26. Rb7 c4 27. b4
g6 28. Kg2 Kg7 29. b5 Rb3 30. Ree7 c3 31. Rec7 Kf6 32. Rc6+ Ke5 33. b6 Kd5 34.
Rbc7 Rb8 35. Rxc3 Rxc3 36. Rxc3 Rxb6 37. Re3 Re6 1/2-1/2

[Event "PGMA Cup 2nd"]
[Site "Manila"]
[Date "2007.11.22"]
[Round "1"]
[White "So, Wesley"]
[Black "Zhang, Jilin"]
[Result "1-0"]
[WhiteElo "2531"]
[BlackElo "2324"]
[PlyCount "67"]
[EventDate "2007.11.22"]
[EventType "swiss"]
[EventRounds "9"]
[EventCountry "PHI"]
[SourceTitle "EXT 2009"]
[Source "ChessBase"]
[SourceDate "2008.11.26"]
[SourceVersion "1"]
[SourceVersionDate "2008.11.26"]
[SourceQuality "1"]

1. e4 c5 2. Nf3 d6 3. d4 cxd4 4. Nxd4 Nf6 5. Nc3 a6 6. f4 e5 7. Nf3 Nc6 8. fxe5
Nxe5 9. Bf4 Qa5 10. Qd4 Be6 11. Nxe5 dxe5 12. Qxe5 Bc5 13. Be3 Rc8 14. Bxc5
Rxc5 15. Qd4 Rc8 16. Be2 O-O 17. O-O Rfd8 18. Qe3 Bc4 19. Kh1 Bxe2 20. Qxe2 Re8
21. Qf3 Qb4 22. Rab1 Nxe4 23. Qxf7+ Kh8 24. Rf4 h6 25. Rbf1 Qd4 26. Qf5 Qc5 27.
Rxe4 Qxf5 28. Rxf5 Rxe4 29. Nxe4 Rxc2 30. h3 Rxb2 31. Rf7 Rb1+ 32. Kh2 b5 33.
Rf8+ Kh7 34. Ra8 1-0

[Event "PGMA Cup 2nd"]
[Site "Manila"]
[Date "2007.11.23"]
[Round "3"]
[White "So, Wesley"]
[Black "Bancod, Ronald"]
[Result "1-0"]
[WhiteElo "2531"]
[BlackElo "2396"]
[PlyCount "93"]
[EventDate "2007.11.22"]
[EventType "swiss"]
[EventRounds "9"]
[EventCountry "PHI"]
[SourceTitle "EXT 2009"]
[Source "ChessBase"]
[SourceDate "2008.11.26"]
[SourceVersion "1"]
[SourceVersionDate "2008.11.26"]
[SourceQuality "1"]

1. e4 c5 2. Nf3 d6 3. d4 cxd4 4. Nxd4 Nf6 5. Nc3 g6 6. Be3 Bg7 7. f3 O-O 8. Qd2
Nc6 9. Bc4 Bd7 10. h4 Qa5 11. O-O-O Rfc8 12. Bb3 Ne5 13. Kb1 Nc4 14. Bxc4 Rxc4
15. Nb3 Qc7 16. g4 Be6 17. h5 a5 18. hxg6 fxg6 19. Bd4 a4 20. Bxf6 Bxf6 21. Nd5
Bxd5 22. Qxd5+ Kf8 23. Rxh7 e6 24. Rxc7 exd5 25. Rxc4 dxc4 26. Nd2 b5 27. f4 g5
28. fxg5 Be5 29. Nf3 Kg7 30. Nxe5 dxe5 31. a3 Kg6 32. Rd5 Re8 33. Rxb5 Kxg5 34.
Rc5 Kxg4 35. Rxc4 Ra8 36. Ka2 Kf4 37. b3 axb3+ 38. Kxb3 Rb8+ 39. Kc3 Ke3 40. a4
Rb7 41. a5 Rb5 42. Ra4 Rc5+ 43. Kb3 Rc7 44. a6 Ra7 45. Kb4 Kxe4 46. Kc5+ Kf3
47. Kb6 1-0

[Event "PGMA Cup 2nd"]
[Site "Manila"]
[Date "2007.11.24"]
[Round "4"]
[White "Huang, Qian"]
[Black "So, Wesley"]
[Result "1/2-1/2"]
[WhiteElo "2416"]
[BlackElo "2531"]
[PlyCount "37"]
[EventDate "2007.11.22"]
[EventType "swiss"]
[EventRounds "9"]
[EventCountry "PHI"]
[SourceTitle "EXT 2009"]
[Source "ChessBase"]
[SourceDate "2008.11.26"]
[SourceVersion "1"]
[SourceVersionDate "2008.11.26"]
[SourceQuality "1"]

1. d4 Nf6 2. c4 e6 3. Nc3 Bb4 4. Qc2 O-O 5. a3 Bxc3+ 6. Qxc3 b6 7. Bg5 Bb7 8.
e3 d6 9. Ne2 Nbd7 10. Qc2 c5 11. Rd1 Qc8 12. Nc3 d5 13. cxd5 Nxd5 14. Nxd5 Bxd5
15. e4 Bb7 16. Bb5 a6 17. Bxd7 Qxd7 18. dxc5 Qb5 19. Be3 1/2-1/2

[Event "PGMA Cup 2nd"]
[Site "Manila"]
[Date "2007.11.25"]
[Round "5"]
[White "So, Wesley"]
[Black "Yu, Lie"]
[Result "1-0"]
[WhiteElo "2531"]
[BlackElo "2379"]
[PlyCount "79"]
[EventDate "2007.11.22"]
[EventType "swiss"]
[EventRounds "9"]
[EventCountry "PHI"]
[SourceTitle "EXT 2009"]
[Source "ChessBase"]
[SourceDate "2008.11.26"]
[SourceVersion "1"]
[SourceVersionDate "2008.11.26"]
[SourceQuality "1"]

1. e4 c5 2. Nf3 Nc6 3. d4 cxd4 4. Nxd4 Nf6 5. Nc3 e5 6. Ndb5 d6 7. Bg5 a6 8.
Na3 b5 9. Bxf6 gxf6 10. Nd5 f5 11. Bd3 Be6 12. O-O Bxd5 13. exd5 Ne7 14. c3 Bg7
15. Qh5 e4 16. Bc2 O-O 17. Rae1 Qc8 18. Kh1 Rb8 19. g4 b4 20. cxb4 Nxd5 21.
gxf5 Kh8 22. Rg1 Bxb2 23. Qh6 Qc3 24. Rxe4 Qf6 25. Qh3 Rg8 26. Rf1 Qc3 27.
Qxc3+ Nxc3 28. Rh4 Nd5 29. Bb3 Nxb4 30. Nc4 Bf6 31. Rh3 Rgd8 32. Ne3 d5 33. Ng4
Bb2 34. Rb1 Bd4 35. Rd1 Bb2 36. Rb1 Bd4 37. f6 Rg8 38. Nh6 Rgf8 39. Rg1 Bxf6
40. Rhg3 1-0

[Event "PGMA Cup 2nd"]
[Site "Manila"]
[Date "2007.11.25"]
[Round "6"]
[White "Dableo, Ronald"]
[Black "So, Wesley"]
[Result "1/2-1/2"]
[WhiteElo "2451"]
[BlackElo "2531"]
[PlyCount "20"]
[EventDate "2007.11.22"]
[EventType "swiss"]
[EventRounds "9"]
[EventCountry "PHI"]
[SourceTitle "EXT 2009"]
[Source "ChessBase"]
[SourceDate "2008.11.26"]
[SourceVersion "1"]
[SourceVersionDate "2008.11.26"]
[SourceQuality "1"]

1. c4 c5 2. g3 Nc6 3. Nc3 g6 4. Bg2 Bg7 5. d3 d6 6. e3 e5 7. Nge2 Nge7 8. O-O
O-O 9. Rb1 Be6 10. Na4 Qd7 1/2-1/2